The Havana project : (Record no. 458)
[ view plain ]
| 000 -LEADER | |
|---|---|
| campo de control de longitud fija | 01464mam a2200313 a 4500 |
| 001 - NÚMERO DE CONTROL | |
| campo de control | 1713805 |
| 005 - FECHA Y HORA DE LA ÚLTIMA TRANSACCIÓN | |
| campo de control | 20220326193313.0 |
| 008 - DATOS DE LONGITUD FIJA--INFORMACIÓN GENERAL | |
| campo de control de longitud fija | 960806s1996 gw ac b 100 0 eng d |
| 020 ## - NÚMERO INTERNACIONAL ESTÁNDAR DEL LIBRO | |
| Número Internacional Estándar del Libro | 3791316001 |
| 035 ## - NÚMERO DE CONTROL DEL SISTEMA | |
| Número de control de sistema | (OCoLC)ocm35197205 |
| 040 ## - FUENTE DE CATALOGACIÓN | |
| Centro catalogador/agencia de origen | RMP |
| Centro/agencia transcriptor | RMP |
| Centro/agencia modificador | UIU |
| -- | NGU |
| 082 ## - NÚMERO DE LA CLASIFICACIÓN DECIMAL DEWEY | |
| Número de clasificación | 720 |
| Número de ítem | N772h |
| 090 ## - LOCALMENTE ASIGNADO TIPO-LC NÚMERO DE CLASIFICACIÓN (OCLC); NÚMERO DE CLASIFICACIÓN LOCAL (RLIN) | |
| Número de clasificación (OCLC) (R) ; Numero de clasificación, CALL (RLIN) (NR) | NA804.H3 |
| Número cutter local (OCLC) ; Número de libro/Signatura topográfica íntegra, CALL (RLIN) | A7 1995 |
| 100 ## - ENTRADA PRINCIPAL--NOMBRE DE PERSONA | |
| Nombre de persona | Noever, Peter, |
| 9 (RLIN) | 2194 |
| 111 2# - ENTRADA PRINCIPAL--NOMBRE DE CONGRESO/REUNIÓN | |
| Nombre de congreso/reunión o jurisdicción como elemento de entrada | Architecture Again |
| Fecha del congreso o de la firma del tratado | (1994-1995 : |
| Sede del congreso/Lugar de la reunión | Havana, Cuba) |
| 9 (RLIN) | 2195 |
| 245 14 - MENCIÓN DEL TÍTULO | |
| Título | The Havana project : |
| Resto del título | Architecture Again : international conference on architecture, Havana, Cuba / |
| Mención de responsabilidad, etc. | edited by Peter Noever for MAK, Vienna and MAK Center for Art and Architecture, Los Angeles ; with Coop Himmelb(l)au/Wolf Prix ... [et al.]. |
| 246 30 - FORMA VARIANTE DEL TITULO | |
| Título propio/Titulo breve | Architecture Again |
| 260 ## - PUBLICACIÓN, DISTRIBUCIÓN, ETC. | |
| Lugar de publicación, distribución, etc. | Munich ; |
| -- | New York : |
| Nombre del editor, distribuidor, etc. | Prestel, |
| Fecha de publicación, distribución, etc. | c1996. |
| 300 ## - DESCRIPCIÓN FÍSICA | |
| Extensión | 184 p. : |
| Otras características físicas | ill. (some col.), ports. ; |
| Dimensiones | 24 cm. |
| 500 ## - NOTA GENERAL | |
| Nota general | Conference held Dec. 31, 1994 to Jan. 5, 1995 in Havana, Cuba. |
| 504 ## - NOTA DE BIBLIOGRAFÍA, ETC. | |
| Nota de bibliografía, etc. | Includes bibliographical references. |
| 505 ## - NOTA DE CONTENIDO CON FORMATO | |
| Título | arquitectural visions for cuba |
| Mención de responsabilidad | Fidel Castro Ruz |
| Título | Why Havana? Why arquitecture? |
| Mención de responsabilidad | Peter Noever |
| Título | Dressing Havana |
| Mención de responsabilidad | Emilio Escobar |
| Título | Arqutecture Again |
| -- | The Havana projects |
| 650 #0 - PUNTO DE ACCESO ADICIONAL DE MATERIA--TÉRMINO DE MATERIA | |
| Término de materia o nombre geográfico como elemento de entrada | Architecture |
| Subdivisión geográfica | Cuba |
| -- | Havana |
| Subdivisión de forma | Congresses. |
| Subdivisión general | Urbanism |
| 9 (RLIN) | 2196 |
| 700 1# - ENTRADA AGREGADA--NOMBRE PERSONAL | |
| Nombre de persona | Noever, Peter, |
| Fechas asociadas al nombre | 1941- |
| 9 (RLIN) | 2197 |
| 710 2# - ENTRADA AGREGADA--NOMBRE DE ENTIDAD CORPORATIVA | |
| Nombre de entidad corporativa o nombre de jurisdicción como elemento de entrada | Österreichisches Museum für Angewandte Kunst. |
| 9 (RLIN) | 2198 |
| 710 2# - ENTRADA AGREGADA--NOMBRE DE ENTIDAD CORPORATIVA | |
| Nombre de entidad corporativa o nombre de jurisdicción como elemento de entrada | MAK-Center for Art and Architecture, Los Angeles. |
| 9 (RLIN) | 2199 |
| 710 2# - ENTRADA AGREGADA--NOMBRE DE ENTIDAD CORPORATIVA | |
| Nombre de entidad corporativa o nombre de jurisdicción como elemento de entrada | Coop Himmelblau. |
| 9 (RLIN) | 2200 |
| Estatus retirado | Estado de pérdida | Fuente del sistema de clasificación o colocación | Estado de daño | No para préstamo | Biblioteca de origen | Biblioteca actual | Ubicación en estantería | Fecha de adquisición | Total de préstamos | Signatura topográfica completa | Código de barras | Visto por última vez | Precio de reemplazo | Tipo de ítem Koha |
|---|---|---|---|---|---|---|---|---|---|---|---|---|---|---|
| Clasificación Decimal Dewey | Biblioteca LadoV | Biblioteca LadoV | 18/03/2015 | 720 N772h | 000372 | 18/03/2015 | 18/03/2015 | Material 01 |
